| 000 | 00453nam a22001697a 4500 | ||
|---|---|---|---|
| 003 | NUST - PNEC | ||
| 005 | 20170116181010.0 | ||
| 008 | 150913b xxu||||| |||| 00| 0 eng d | ||
| 020 | _a- | ||
| 040 | _cLIBRARY | ||
| 082 | _a621.381956 WHA | ||
| 100 |
_910095 _aWhapshott, Malcolm |
||
| 245 |
_aApple assembly language programming _cMalcolm Whapshott |
||
| 260 | _cc.1984 | ||
| 650 |
_910098 _aApple II (Computer)--Programming _xMIS |
||
| 942 |
_2ddc _cBK |
||
| 999 |
_c67044 _d67044 |
||